000 00494nam a22001817a 4500
005 20230622133519.0
008 160120b xxu||||| |||| 00| 0 eng d
040 _aLoreto College
041 _aEnglish
082 _a301.15
_bMAC
100 _aMcdougall, William
_qWilliam Mcdougall
245 _aAn introduction to social Psychology
_cWilliam Mcdougall
260 _aLondon
_bMethuen
_c1908
300 _axxix, 524p.
650 _aSociology & anthropology
850 _aLCLIB
942 _cBK
999 _c40412
_d90891